Normal view
MARC view
- Sup: Dr. Mohammad Bilal Malik
Entry Personal Name
001 - CONTROL NUMBER
- control field: 34870
003 - CONTROL NUMBER IDENTIFIER
- control field: NUST
005 - DATE AND TIME OF LATEST TRANSACTION
- control field: 20201103180635.0
008 - FIXED-LENGTH DATA ELEMENTS
- fixed length control field: 201103|| aca||aabn | a|a d
040 ## - CATALOGING SOURCE
- Original cataloging agency: NUST
- Transcribing agency: NUST
100 ## - HEADING--PERSONAL NAME
- Personal name: Sup: Dr. Mohammad Bilal Malik
670 ## - SOURCE DATA FOUND
- Source citation: Work cat.: (NUST): Abid, Anam 34869, Trajectory estimation under occlusion using variants of state-space recursive least squares /, 2013.
